हमारी संस्कृति / (Record no. 118916)
[ view plain ]
| 000 -LEADER | |
|---|---|
| fixed length control field | 01009nam a22002537a 4500 |
| 005 - DATE AND TIME OF LATEST TRANSACTION | |
| control field | 20170124103123.0 |
| 010 ## - LIBRARY OF CONGRESS CONTROL NUMBER | |
| LC control number | B-012769 |
| 020 ## - INTERNATIONAL STANDARD BOOK NUMBER | |
| Terms of availability | 00.00 |
| International Standard Book Number | 8121600898 |
| 035 ## - SYSTEM CONTROL NUMBER | |
| System control number | B-012769 |
| 037 ## - SOURCE OF ACQUISITION | |
| Source of stock number/acquisition | Cen Lib/Ret |
| 040 ## - CATALOGING SOURCE | |
| Original cataloging agency | DPL |
| Language of cataloging | HN |
| 082 ## - DEWEY DECIMAL CLASSIFICATION NUMBER | |
| Classification number | 181.499 |
| Item number | राधाकृ |
| 100 ## - MAIN ENTRY--PERSONAL NAME | |
| Personal name | राधाकृष्णन |
| 9 (RLIN) | 43304 |
| 245 ## - TITLE STATEMENT | |
| Title | हमारी संस्कृति / |
| Statement of responsibility, etc | राधाकृष्णन |
| 246 ## - VARYING FORM OF TITLE | |
| Title proper/short title | Hamari sanskriti / |
| Remainder of title | by Radha Krishanan |
| 260 ## - PUBLICATION, DISTRIBUTION, ETC. (IMPRINT) | |
| Place of publication, distribution, etc | दिल्ली |
| Name of publisher, distributor, etc | हिन्दी पॉकेट बुक |
| Date of publication, distribution, etc | 1995 |
| 270 ## - ADDRESS | |
| City | दिल्ली |
| 300 ## - PHYSICAL DESCRIPTION | |
| Extent | 112पृ. |
| Dimensions | 21सेमी (सजिल्द) |
| 650 ## - SUBJECT ADDED ENTRY--TOPICAL TERM | |
| Topical term or geographic name as entry element | धार्मिक विचार और आधुनिक सभ्यता |
| 9 (RLIN) | 82503 |
| 650 ## - SUBJECT ADDED ENTRY--TOPICAL TERM | |
| Topical term or geographic name as entry element | भारतीय संस्कृति |
| 9 (RLIN) | 82504 |
| 650 ## - SUBJECT ADDED ENTRY--TOPICAL TERM | |
| Topical term or geographic name as entry element | Religious views and modern civilization |
| 9 (RLIN) | 82505 |
| 650 ## - SUBJECT ADDED ENTRY--TOPICAL TERM | |
| Topical term or geographic name as entry element | Indian culture |
| 9 (RLIN) | 3853 |
| 942 ## - ADDED ENTRY ELEMENTS (KOHA) | |
| Source of classification or shelving scheme | Dewey Decimal Classification |
| Koha item type | Hindi Books |
| Classification part | 181.499 |
| Call number suffix | राधाकृ |
| Withdrawn status | Lost status | Damaged status | Not for loan | Home library | Current library | Date acquired | Source of acquisition | Cost, normal purchase price | Total Checkouts | Full call number | Barcode | Date last seen | Date checked out | Copy number | Cost, replacement price | Price effective from | Koha item type | Total Renewals |
|---|---|---|---|---|---|---|---|---|---|---|---|---|---|---|---|---|---|---|
| Central Library | Central Library | 14/09/2015 | Cen Lib/Ret | 0.00 | 1 | 181.499 राधाकृ | B-012769 | 10/08/2017 | 11/07/2017 | 1 | 0.00 | 14/09/2015 | Hindi Books | |||||
| Central Library | Central Library | 23/09/2015 | Cen Lib/Ret | 0.00 | 2 | 291 राधाकृ | A-766943 | 08/08/2018 | 12/07/2018 | 1 | 0.00 | 23/09/2015 | Hindi Books | 1 |
